000 00479nam a2200169Ia 4500
008 090711s9999 xx 000 0 und d
082 _b28311
100 _aकेळकर इंदुमती
245 _aप्रतिशोध
260 _c1973
300 _a156
600 _aकेळकर इंदुमती
630 _aप्रतिशोध
700 _aकेळकर इंदुमती
730 _aप्रतिशोध
942 _cBOOK
999 _c298893
_d298893